000 00820nam a2200181Ia 4500
003 GCL
008 140319s9999 xx 000 0 ara d
040 _aGCL /
_cGCL
082 0 4 _a413
_bأ ل
100 1 _aابن منظور : جمال الدين ابو الفضل محمد بن مكرم بن على بن احمد بن ابى القاسم بن حبقة الانصارى المصرى
245 1 0 _aلسان العرب /
_cابن منظور : جمال الدين ابو الفضل محمد بن مكرم بن على بن احمد بن ابى القاسم بن حبقة الانصارى المصرى
260 _aبيروت :
_bدار الصادر
300 _aمتعدد ؛
_c24سم
650 0 4 _aاللغة العربية
650 0 4 _aالمعاجم
650 0 4 _aالمعاجم العربية
942 _2ddc
_cBK
999 _c59112
_d59112